Inspiration for Innovation 101 Lessons for Innovators

Na minha lista:
Detalhes bibliográficos
Autor principal: van Wulfen, Gijs
Formato: Livro
Idioma:inglês
Publicado em: Amsterdam BIS Publishers 2018
Assuntos:
Tags: Adicionar Tag
Sem tags, seja o primeiro a adicionar uma tag!

MARC

LEADER 00000nam a2200000 4500
001 0278006
005 20240221112838.3
020 |a 978-90-6369-4968 
041 0 |a eng 
044 |a NL 
245 1 0 |a Inspiration for Innovation  |b 101 Lessons for Innovators  |c Gijs van Wulfen 
264 1 |a Amsterdam  |b BIS Publishers  |c 2018 
300 |a [202 s.] 
610 2 0 |a inovácia 
610 2 0 |a podnikanie 
610 2 0 |a kreativita 
610 2 0 |a tímy pracovné 
610 2 0 |a start-up 
610 2 0 |a poradenstvo profesionálne 
100 1 |a van Wulfen, Gijs